000 01019nam a22002657a 4500
005 20240530110857.0
008 150216s2021 ua obf a b 000 0 ara d
017 _a2021/14454
_bمصر . دار الكتب المصرية
020 _a978977929592
040 _aEG-CaGPL
041 0 _aara
082 0 4 _221
_a962.16
_bق/ج ج
110 0 _aالجهاز القومى للتنسيق الحضارى
245 1 2 _aجاردن سيتى :
_bالمدينة الحدائقية .. معنى واسم /
_cالجهاز القومى للتنسيق الحضارى
250 _aط1
260 _aالقاهرة :
_bالجهاز القومى للتنسيق الحضارى ،
_c2021
300 _a223 ص :
_bايض ؛
_c25 سم
490 0 _aسلسلة ذاكرة المدينة
650 0 4 _aالمدن المصرية
651 0 4 _aجاردن سيتى
_xتاريخ
651 0 4 _aجاردن سيتى
_xخرائط
651 0 4 _aجاردن سيتى
_xاثار
942 _2ddc
_cBK
999 _c66059
_d66059